书目信息 |
| 题名: |
工程岩土
|
|
| 作者: | 罗筠 主编 | |
| 分册: | ||
| 出版信息: | 北京 高等教育出版社 2019.09 |
|
| 页数: | 299页 | |
| 开本: | 26cm | |
| 丛书名: | “十二五”职业教育国家规划教材 | |
| 单 册: | ||
| 中图分类: | TU4 | |
| 科图分类: | ||
| 主题词: | 岩土工程--yan tu gong cheng--职业教育--教材 | |
| 电子资源: | ||
| ISBN: | 978-7-04-052432-1 | |
| 000 | 01129nam 2200313 450 | |
| 001 | CAL 009797074 | |
| 005 | 20191221082845.5 | |
| 010 | @a978-7-04-052432-1@dCNY49.00 | |
| 100 | @a20191219d2019 em y0chiy0120 ea | |
| 101 | 0 | @achi |
| 102 | @aCN@b110000 | |
| 105 | @aa a 000yy | |
| 106 | @ar | |
| 200 | 1 | @a工程岩土@Agong cheng yan tu@f主编罗筠 |
| 205 | @a第3版 | |
| 210 | @a北京@c高等教育出版社@d2019.09 | |
| 215 | @a299页@c图@d26cm | |
| 225 | 2 | @a“十二五”职业教育国家规划教材@A“ shi er wu ” zhi ye jiao yu guo jia gui hua jiao cai@e修订版 |
| 300 | @a国家职业教育道路桥梁工程技术专业教学资源库 | |
| 320 | @a有书目 (第299页) | |
| 330 | @a本书分为工程岩土现象认识、工程岩土性质评价、工程岩土问题防治3个项目, 主要讲解调查、解决与各类工程建筑物的勘测、设计、施工和使用等有关工程岩土问题。 | |
| 333 | @a高等职业教育新形态一体化规划教材 | |
| 410 | 0 | @12001 @a“十二五”职业教育国家规划教材 (修订版) |
| 606 | 0 | @a岩土工程@Ayan tu gong cheng@x职业教育@j教材 |
| 690 | @aTU4@v5 | |
| 701 | 0 | @a罗筠@Aluo yun@4主编 |
| 801 | 0 | @aCN@b人天书店@c20191219 |
| 803 | @a职业教育 | |
| 905 | @aTSG@bTU4@dTU4@eL945@f2 | |
| 工程岩土/主编罗筠.-第3版.-北京:高等教育出版社,2019.09 |
| 299页:图;26cm.-(“十二五”职业教育国家规划教材:修订版) |
| 国家职业教育道路桥梁工程技术专业教学资源库.-使用对象:高等职业教育新形态一体化规划教材 |
| ISBN 978-7-04-052432-1:CNY49.00 |
| 本书分为工程岩土现象认识、工程岩土性质评价、工程岩土问题防治3个项目, 主要讲解调查、解决与各类工程建筑物的勘测、设计、施工和使用等有关工程岩土问题。 |
| ● |
| 相关链接 |
|
|
|
正题名:工程岩土
索取号:TU4/L945
 
预约/预借
| 序号 | 登录号 | 条形码 | 馆藏地/架位号 | 状态 | 备注 |
| 1 | 1535340 | 215353409 | 建筑库101/101建筑库 92排3列5层/ [索取号:TU4/L945] | 在馆 | |
| 2 | 1535341 | 215353418 | 建筑库101/101建筑库 92排3列5层/ [索取号:TU4/L945] | 在馆 |